[Event "24. Acropolis 2009"]
[Site "Chalkida GRE"]
[Date "2009.08.15"]
[Round "6.35"]
[White "Burtasova, Anna"]
[Black "Ikonomopoulou, Maria"]
[Result "1-0"]
[WhiteElo "2325"]
[BlackElo "2052"]
[PlyCount "123"]
[EventDate "2009.08.10"]
[EventType "swiss"]
[EventRounds "9"]
[EventCountry "GRE"]
[Source "lmi"]
[SourceDate "2009.08.10"]

1. e4 e6 2. d4 d5 3. e5 c5 4. c3 Nc6 5. Nf3 Bd7 6. a3 f6 7. Bd3 Qc7 8. Bf4 c4
9. Bc2 O-O-O 10. O-O h6 11. Bg3 f5 12. h4 g5 13. hxg5 hxg5 14. Nxg5 Nh6 15. f3
Be7 16. Nh3 Rdg8 17. Kf2 Qd8 18. Rg1 Bh4 19. Bxh4 Qxh4+ 20. Ke2 Rg3 21. Nd2
Rhg8 22. Qf1 Nxd4+ 23. cxd4 Qxd4 24. Qf2 Qxb2 25. Rac1 Qxe5+ 26. Kd1 Kb8 27.
Nf1 R3g7 28. Qe3 Qf6 29. Nf4 Rg5 30. Qc5 Nf7 31. Rb1 Rc8 32. Qb4 Bc6 33. Nd2
Qd4 34. Ne2 Qf2 35. Rf1 Qe3 36. g3 Re8 37. Ba4 Bxa4+ 38. Qxa4 Nd6 39. Qd7 Qc5
40. Rxb7+ Nxb7 41. Qxe8+ Qc8 42. Qxc8+ Kxc8 43. f4 Rg7 44. Nf3 Nc5 45. Kc2 Ne4
46. Rg1 Kc7 47. Nfd4 Kd6 48. Rh1 Rg6 49. Rh7 a6 50. Ra7 Nc5 51. Nf3 Rh6 52.
Ned4 Rh3 53. Ne5 Ne4 54. Rd7+ Kc5 55. Nxe6+ Kb6 56. Rxd5 Rh2+ 57. Kc1 c3 58.
Nc4+ Kc6 59. Rxf5 Rh1+ 60. Kc2 Rh2+ 61. Kd3 Nxg3 62. Nd4+ 1-0

[Event "24. Acropolis 2009"]
[Site "Chalkida GRE"]
[Date "2009.08.15"]
[Round "6.36"]
[White "Karlovich, Anastazia"]
[Black "Fakhiridou, Ekaterini"]
[Result "1/2-1/2"]
[WhiteElo "2211"]
[BlackElo "2277"]
[PlyCount "25"]
[EventDate "2009.08.10"]
[EventType "swiss"]
[EventRounds "9"]
[EventCountry "GRE"]
[Source "lmi"]
[SourceDate "2009.08.10"]

1. e4 c5 2. Nf3 d6 3. Bc4 Nf6 4. e5 dxe5 5. Nxe5 e6 6. Qe2 Bd7 7. b3 Nc6 8.
Nxd7 Qxd7 9. Bb2 Nd4 10. Bxd4 Qxd4 11. Nc3 a6 12. O-O Be7 13. Bd3 1/2-1/2

[Event "24. Acropolis 2009"]
[Site "Chalkida GRE"]
[Date "2009.08.15"]
[Round "6.37"]
[White "Parginos, Vassilios"]
[Black "Vragoteris, Antonios"]
[Result "1-0"]
[WhiteElo "2196"]
[BlackElo "2266"]
[PlyCount "77"]
[EventDate "2009.08.10"]
[EventType "swiss"]
[EventRounds "9"]
[EventCountry "GRE"]
[Source "lmi"]
[SourceDate "2009.08.10"]

1. d4 Nf6 2. c4 e6 3. Nc3 Bb4 4. Bg5 h6 5. Bh4 c5 6. d5 exd5 7. cxd5 d6 8. e3
O-O 9. Bd3 Nbd7 10. Nf3 Nb6 11. O-O Bxc3 12. bxc3 Nbxd5 13. Nd2 Qe7 14. c4 Nb4
15. Bb1 g5 16. Bg3 Bg4 17. f3 Be6 18. a3 Nc6 19. Qc2 Kg7 20. f4 Rh8 21. Qc3 Kg8
22. fxg5 Nh5 23. Ne4 Nxg3 24. Nf6+ Kf8 25. hxg3 Ne5 26. g6 h5 27. Be4 Kg7 28.
gxf7 Bxf7 29. Rf5 Rh6 30. Raf1 Rf8 31. g4 hxg4 32. Nxg4 Rh1+ 33. Kxh1 Qh4+ 34.
Kg1 Qxg4 35. Rxe5 dxe5 36. Qxe5+ Kg8 37. Rf3 Re8 38. Qc7 Qh5 39. Bd5 1-0

[Event "24. Acropolis 2009"]
[Site "Chalkida GRE"]
[Date "2009.08.15"]
[Round "6.39"]
[White "Malikentzos, Sotirios"]
[Black "Okara, Andrey"]
[Result "1/2-1/2"]
[WhiteElo "2148"]
[BlackElo "2380"]
[PlyCount "24"]
[EventDate "2009.08.10"]
[EventType "swiss"]
[EventRounds "9"]
[EventCountry "GRE"]
[Source "lmi"]
[SourceDate "2009.08.10"]

1. d4 d5 2. Nf3 c5 3. c4 cxd4 4. cxd5 Nf6 5. Qa4+ Qd7 6. Qxd4 Qxd5 7. Nc3 Qxd4
8. Nxd4 a6 9. g3 e5 10. Nc2 Bd7 11. Bg2 Bc6 12. O-O Bxg2 1/2-1/2

[Event "24. Acropolis 2009"]
[Site "Chalkida GRE"]
[Date "2009.08.15"]
[Round "6.40"]
[White "Sowray, Peter J"]
[Black "Yildiz, Betul Cemre"]
[Result "1-0"]
[WhiteElo "2335"]
[BlackElo "2217"]
[PlyCount "81"]
[EventDate "2009.08.10"]
[EventType "swiss"]
[EventRounds "9"]
[EventCountry "GRE"]
[Source "lmi"]
[SourceDate "2009.08.10"]

1. e4 e5 2. Bc4 Nf6 3. d3 c6 4. Bb3 d5 5. Nf3 Bd6 6. exd5 Nxd5 7. O-O O-O 8.
Nbd2 Kh8 9. Ne4 Bg4 10. h3 Bh5 11. Re1 f6 12. Ng3 Bf7 13. d4 Nd7 14. c4 Ne7 15.
c5 Bxb3 16. Qxb3 Bc7 17. Qxb7 Ba5 18. Re2 Rb8 19. Qxa7 Ra8 20. Qb7 exd4 21.
Nxd4 Ne5 22. Ne6 Qd1+ 23. Kh2 Rfe8 24. Qb3 Qd7 25. f4 Reb8 26. Qc2 Qxe6 27.
fxe5 fxe5 28. Bg5 Ng6 29. Ne4 Bc7 30. b3 Rxb3 31. Qxb3 Qxb3 32. axb3 Rxa1 33.
Rd2 h6 34. Rd7 Ba5 35. Bd8 Bb4 36. Rb7 Be1 37. b4 Ra2 38. b5 Nf4 39. bxc6 Nxg2
40. Bf6 Nf4+ 41. Kh1 1-0

[Event "24. Acropolis 2009"]
[Site "Chalkida GRE"]
[Date "2009.08.15"]
[Round "6.41"]
[White "Aggelis, Nikolaos"]
[Black "Sanchez Castillo, Sarai"]
[Result "1-0"]
[WhiteElo "2296"]
[BlackElo "2202"]
[PlyCount "73"]
[EventDate "2009.08.10"]
[EventType "swiss"]
[EventRounds "9"]
[EventCountry "GRE"]
[Source "lmi"]
[SourceDate "2009.08.10"]

1. Nf3 d5 2. d4 c6 3. c4 e6 4. Qc2 Nf6 5. g3 Nbd7 6. Bg2 Be7 7. Nbd2 O-O 8. b3
c5 9. Bb2 b6 10. Ne5 Nxe5 11. dxe5 Ne8 12. Rd1 Bb7 13. O-O Qc7 14. e3 Rd8 15.
cxd5 exd5 16. Nb1 Qc8 17. Rd2 Nc7 18. Rfd1 Qe6 19. Nc3 h5 20. h4 Qg4 21. Kh2
Qe6 22. Ne2 g5 23. hxg5 Bxg5 24. Nf4 Qh6 25. Nxd5 Nxd5 26. Bxd5 Rxd5 27. Rxd5
h4 28. g4 Bf4+ 29. Kh3 Bxe3 30. Qf5 Bxd5 31. Rxd5 Qf4 32. Qxf4 Bxf4 33. Kxh4
Re8 34. g5 Kh7 35. Kg4 Bh2 36. f4 Kg8 37. Rd1 1-0

[Event "24. Acropolis 2009"]
[Site "Chalkida GRE"]
[Date "2009.08.15"]
[Round "6.42"]
[White "Pavlidou, Ekaterini"]
[Black "Gogolis, Alexandros"]
[Result "1-0"]
[WhiteElo "2179"]
[BlackElo "2275"]
[PlyCount "63"]
[EventDate "2009.08.10"]
[EventType "swiss"]
[EventRounds "9"]
[EventCountry "GRE"]
[Source "lmi"]
[SourceDate "2009.08.10"]

1. d4 Nf6 2. c4 e6 3. Nc3 Bb4 4. Qc2 c5 5. dxc5 Bxc5 6. Nf3 a6 7. Bg5 Be7 8. e3
d6 9. Be2 Nbd7 10. O-O b6 11. Rfd1 Qc7 12. Rac1 Bb7 13. Qb1 O-O 14. b4 Rac8 15.
h3 Qb8 16. e4 Rfe8 17. Bf4 Bf8 18. Rd2 b5 19. cxb5 Rxc3 20. Rxc3 Nxe4 21. Ng5
Ndf6 22. Bd3 Nxg5 23. Bxg5 axb5 24. Bxf6 gxf6 25. Bxh7+ Kh8 26. Rd4 Bh6 27. Rh4
Bg5 28. Rg4 Bd5 29. Rcg3 Rc8 30. Kh2 Rc1 31. Rxg5 Rxb1 32. Rh5 1-0

[Event "24. Acropolis 2009"]
[Site "Chalkida GRE"]
[Date "2009.08.15"]
[Round "6.43"]
[White "Nikolaidis, Konstantinos"]
[Black "Dounis, Alexandros"]
[Result "0-1"]
[WhiteElo "2270"]
[BlackElo "2186"]
[PlyCount "66"]
[EventDate "2009.08.10"]
[EventType "swiss"]
[EventRounds "9"]
[EventCountry "GRE"]
[Source "lmi"]
[SourceDate "2009.08.10"]

1. d4 Nf6 2. c4 g6 3. Nc3 d5 4. Nf3 Bg7 5. Bg5 dxc4 6. Qa4+ c6 7. Qxc4 Qb6 8.
b3 Bf5 9. e3 Na6 10. Bd3 Be6 11. Qa4 Nb4 12. Bb1 O-O 13. O-O c5 14. Ne4 cxd4
15. Nxd4 Bd5 16. Nxf6+ exf6 17. Bh4 Rfc8 18. Rd1 f5 19. Bd3 Bxd4 20. exd4 Bc6
21. Qa3 Qxd4 22. Bxf5 Qxh4 23. Bxc8 Rxc8 24. Rac1 Qe4 25. f3 Qe3+ 26. Kh1 Nd3
27. Rxd3 Qxd3 28. Qxa7 Re8 29. Qf2 Qe2 30. Kg1 Qxf2+ 31. Kxf2 Kg7 32. Rc5 Kf6
33. f4 Rd8 0-1

[Event "24. Acropolis 2009"]
[Site "Chalkida GRE"]
[Date "2009.08.15"]
[Round "6.44"]
[White "Galopoulos, Nikolaos"]
[Black "Iordanidou, Zoi"]
[Result "1-0"]
[WhiteElo "2255"]
[BlackElo "2114"]
[PlyCount "111"]
[EventDate "2009.08.10"]
[EventType "swiss"]
[EventRounds "9"]
[EventCountry "GRE"]
[Source "lmi"]
[SourceDate "2009.08.10"]

1. d4 Nf6 2. c4 e6 3. Nf3 b6 4. g3 Bb7 5. Bg2 Bb4+ 6. Bd2 Be7 7. Nc3 O-O 8. Qc2
d5 9. cxd5 exd5 10. O-O Re8 11. Rac1 Nbd7 12. Bf4 a6 13. Rfd1 Rc8 14. Ne5 Nf8
15. Qb3 Ne6 16. Be3 Qd6 17. Nd3 Rb8 18. Nf4 Red8 19. Nxe6 fxe6 20. Bf4 Qd7 21.
Bh3 Kh8 22. e4 Bf8 23. Ne2 Ne8 24. e5 c5 25. Be3 c4 26. Qc2 Qf7 27. f4 Bc8 28.
g4 g6 29. Ng3 Ng7 30. Rf1 b5 31. Kh1 b4 32. Qd2 a5 33. Rf2 Ba6 34. f5 Bb5 35.
fxg6 Qxg6 36. Rf6 Qe8 37. g5 Rdc8 38. Rh6 Nf5 39. Rf6 Ng7 40. Qc2 b3 41. Qb1
bxa2 42. Qxa2 Bd7 43. Rcf1 Be7 44. Rh6 c3 45. bxc3 Rxc3 46. Bd2 Rd3 47. g6 Rxd4
48. Rxh7+ Kg8 49. Bh6 Bf8 50. Rf6 Rd1+ 51. Bf1 Bb5 52. Qf2 Nf5 53. Bxf8 Qxf8
54. Nxf5 exf5 55. Rxf8+ Rxf8 56. Qh4 1-0

[Event "24. Acropolis 2009"]
[Site "Chalkida GRE"]
[Date "2009.08.15"]
[Round "6.45"]
[White "Skaperdas, Kostantinos"]
[Black "Rigopoulos-Tsigkos, Alexandros"]
[Result "1/2-1/2"]
[WhiteElo "2222"]
[BlackElo "2017"]
[PlyCount "39"]
[EventDate "2009.08.10"]
[EventType "swiss"]
[EventRounds "9"]
[EventCountry "GRE"]
[Source "lmi"]
[SourceDate "2009.08.10"]

1. e4 c5 2. Nf3 e6 3. d4 cxd4 4. Nxd4 a6 5. Bd3 Bc5 6. Nb3 Be7 7. Qg4 g6 8. Qe2
d6 9. O-O Nd7 10. Na3 Qc7 11. Nc4 Ngf6 12. Bh6 Bf8 13. Bxf8 Kxf8 14. f4 b5 15.
Nca5 Qb6+ 16. Kh1 h5 17. a4 h4 18. Qf2 Qxf2 19. Rxf2 Nc5 20. Nxc5 1/2-1/2

[Event "24. Acropolis 2009"]
[Site "Chalkida GRE"]
[Date "2009.08.15"]
[Round "6.46"]
[White "Manelidou, Maria"]
[Black "Vospernik, Andrej"]
[Result "1-0"]
[WhiteElo "2008"]
[BlackElo "2170"]
[PlyCount "89"]
[EventDate "2009.08.10"]
[EventType "swiss"]
[EventRounds "9"]
[EventCountry "GRE"]
[Source "lmi"]
[SourceDate "2009.08.10"]

1. e4 c6 2. d4 d5 3. Nd2 dxe4 4. Nxe4 Bf5 5. Ng3 g6 6. Nxf5 gxf5 7. c3 Nf6 8.
Bd3 e6 9. Qe2 Be7 10. Bf4 Nbd7 11. Nf3 Nd5 12. Bd2 Qc7 13. g3 O-O-O 14. O-O-O
Bd6 15. Kb1 c5 16. c4 N5b6 17. Ba5 Qc6 18. d5 exd5 19. cxd5 Qxd5 20. Bb5 Qe4+
21. Qxe4 fxe4 22. Ng5 Ne5 23. Nxe4 Be7 24. Bc3 f6 25. f4 Ned7 26. Rhe1 Rhf8 27.
Ba5 Nb8 28. Rc1 Nc6 29. Bxc6 bxc6 30. Nxc5 Bxc5 31. Rxc5 Kc7 32. Re6 Rd6 33.
Rxd6 Kxd6 34. Bb4 Rf7 35. Ra5+ Ke6 36. f5+ Kd7 37. Rxa7+ Ke8 38. Rxf7 Kxf7 39.
Kc2 h5 40. Kd3 Ke8 41. Bc3 Kf7 42. Kd4 Nd5 43. Kc5 Ne7 44. a4 Nxf5 45. a5 1-0

[Event "24. Acropolis 2009"]
[Site "Chalkida GRE"]
[Date "2009.08.15"]
[Round "6.47"]
[White "Kordis, Konstantinos"]
[Black "Efthimiadis, Ilias"]
[Result "1/2-1/2"]
[WhiteElo "2221"]
[BlackElo "1988"]
[PlyCount "44"]
[EventDate "2009.08.10"]
[EventType "swiss"]
[EventRounds "9"]
[EventCountry "GRE"]
[Source "lmi"]
[SourceDate "2009.08.10"]

1. e4 c5 2. Nf3 d6 3. d4 cxd4 4. Nxd4 Nf6 5. Nc3 a6 6. Bg5 e6 7. f4 Nbd7 8. Bc4
Qc7 9. Bb3 Nc5 10. Qe2 h6 11. Bxf6 gxf6 12. f5 Nxb3 13. axb3 h5 14. O-O-O Bd7
15. Rhf1 Be7 16. fxe6 fxe6 17. Rf3 Qa5 18. Kb1 O-O-O 19. Nf5 exf5 20. Nd5 Rde8
21. b4 Qd8 22. Ra3 Bc6 1/2-1/2

[Event "24. Acropolis 2009"]
[Site "Chalkida GRE"]
[Date "2009.08.15"]
[Round "6.48"]
[White "Foisor, Mihaela Veronica"]
[Black "Kouvatsou, Maria"]
[Result "1-0"]
[WhiteElo "2123"]
[BlackElo "2156"]
[PlyCount "61"]
[EventDate "2009.08.10"]
[EventType "swiss"]
[EventRounds "9"]
[EventCountry "GRE"]
[Source "lmi"]
[SourceDate "2009.08.10"]

1. d4 Nf6 2. c4 g6 3. Nc3 d5 4. cxd5 Nxd5 5. Bd2 Nb6 6. Nf3 Bg7 7. Bg5 O-O 8.
e3 Bg4 9. h3 Bxf3 10. Qxf3 Nc6 11. Rc1 Qd6 12. Bb5 Na5 13. O-O c6 14. Be2 Rae8
15. Rfd1 Qb4 16. Rc2 Nac4 17. Ne4 Nd6 18. Nc5 h6 19. a3 Qa5 20. e4 Nbc8 21. Bf4
Nb5 22. Bxb5 Qxb5 23. Nd7 Rd8 24. Nxf8 Kxf8 25. d5 c5 26. e5 Nb6 27. e6 f5 28.
Bc7 Rc8 29. d6 exd6 30. Bxd6+ Kg8 31. Qxb7 1-0

[Event "24. Acropolis 2009"]
[Site "Chalkida GRE"]
[Date "2009.08.15"]
[Round "6.49"]
[White "Grapsa, Georgia"]
[Black "Makka, Ioulia"]
[Result "0-1"]
[WhiteElo "2083"]
[BlackElo "2212"]
[PlyCount "68"]
[EventDate "2009.08.10"]
[EventType "swiss"]
[EventRounds "9"]
[EventCountry "GRE"]
[Source "lmi"]
[SourceDate "2009.08.10"]

1. d4 Nf6 2. c4 e6 3. Nf3 Bb4+ 4. Bd2 Qe7 5. g3 Nc6 6. Bg2 Bxd2+ 7. Nbxd2 d6 8.
O-O O-O 9. Qc2 e5 10. d5 Nd8 11. e4 a5 12. b3 Ne8 13. Qc3 f5 14. exf5 Bxf5 15.
c5 Nf6 16. Rae1 Nxd5 17. cxd6 cxd6 18. Qc4 Be6 19. Ng5 Qxg5 20. Bxd5 Qxd2 21.
Bxe6+ Nxe6 22. Qxe6+ Kh8 23. Rd1 Qxa2 24. Rxd6 Rf6 25. Qxe5 Rxd6 26. Qxd6 Qxb3
27. Re1 a4 28. Re7 a3 29. Qe5 Rg8 30. Kg2 a2 31. Re8 Rxe8 32. Qxe8+ Qg8 33. Qe5
Qa8 34. Qa1 b5+ 0-1

[Event "24. Acropolis 2009"]
[Site "Chalkida GRE"]
[Date "2009.08.16"]
[Round "7.2"]
[White "Banikas, Hristos"]
[Black "Belov, Vladimir"]
[Result "1/2-1/2"]
[WhiteElo "2598"]
[BlackElo "2627"]
[PlyCount "21"]
[EventDate "2009.08.10"]
[EventType "swiss"]
[EventRounds "9"]
[EventCountry "GRE"]
[Source "lmi"]
[SourceDate "2009.08.10"]

1. e4 c5 2. Nf3 d6 3. d4 Nf6 4. Nc3 cxd4 5. Nxd4 a6 6. Bg5 e6 7. f4 Qc7 8. Bxf6
gxf6 9. Qf3 Nc6 10. O-O-O Bd7 11. Be2 1/2-1/2

[Event "24. Acropolis 2009"]
[Site "Chalkida GRE"]
[Date "2009.08.16"]
[Round "7.3"]
[White "Papaioannou, Ioannis"]
[Black "Reshetnikov, Alexey"]
[Result "1-0"]
[WhiteElo "2624"]
[BlackElo "2408"]
[PlyCount "95"]
[EventDate "2009.08.10"]
[EventType "swiss"]
[EventRounds "9"]
[EventCountry "GRE"]
[Source "lmi"]
[SourceDate "2009.08.10"]

1. d4 Nf6 2. c4 e6 3. g3 Bb4+ 4. Nd2 d5 5. Ngf3 dxc4 6. Bg2 Nc6 7. O-O c3 8.
Nc4 cxb2 9. Bxb2 O-O 10. Rc1 Bd7 11. Qd3 Be7 12. a3 Be8 13. Rfd1 Qd5 14. Qc2
Rc8 15. Rb1 Qh5 16. e4 Nd7 17. d5 Nd8 18. Nce5 Nxe5 19. Nxe5 exd5 20. exd5 Bd6
21. Bf3 Qg5 22. h4 Qe7 23. Nc4 f6 24. Be4 Bg6 25. Bxg6 hxg6 26. Re1 Qd7 27.
Qxg6 Nf7 28. Re6 Be5 29. Bxe5 Nxe5 30. Nxe5 fxe5 31. Rxe5 Rf6 32. Qg5 Rcf8 33.
Rbe1 Qd6 34. Re7 R8f7 35. Re8+ Rf8 36. R1e7 Rg6 37. Qe3 Rgf6 38. Rxf8+ Rxf8 39.
Qg5 Rf7 40. Re3 b5 41. h5 a5 42. Re8+ Rf8 43. h6 Qxh6 44. Rxf8+ Kxf8 45. Qd8+
Kf7 46. Qxc7+ Kg8 47. d6 Qe6 48. d7 1-0

[Event "24. Acropolis 2009"]
[Site "Chalkida GRE"]
[Date "2009.08.16"]
[Round "7.4"]
[White "Yakovich, Yuri"]
[Black "Tukhaev, Adam"]
[Result "1/2-1/2"]
[WhiteElo "2576"]
[BlackElo "2534"]
[PlyCount "57"]
[EventDate "2009.08.10"]
[EventType "swiss"]
[EventRounds "9"]
[EventCountry "GRE"]
[Source "lmi"]
[SourceDate "2009.08.10"]

1. c4 Nf6 2. Nc3 d5 3. cxd5 Nxd5 4. g3 g6 5. Bg2 Nb6 6. d3 Bg7 7. Be3 O-O 8.
Qd2 Nc6 9. Nf3 e5 10. Bh6 Qe7 11. Bxg7 Kxg7 12. Rc1 Bf5 13. O-O Rad8 14. Nh4
Be6 15. Bxc6 bxc6 16. b3 Bh3 17. Rfe1 f5 18. Nf3 h6 19. Na4 Rd6 20. Qb2 Re8 21.
Nd2 Nxa4 22. bxa4 Kh7 23. Qb4 Qf7 24. Qb3 Qd7 25. Qc3 e4 26. Nc4 Rd4 27. Nb2
Re6 28. dxe4 Rdxe4 29. Red1 1/2-1/2

[Event "24. Acropolis 2009"]
[Site "Chalkida GRE"]
[Date "2009.08.16"]
[Round "7.5"]
[White "Mastrovasilis, Athanasios"]
[Black "David, Alberto"]
[Result "1/2-1/2"]
[WhiteElo "2503"]
[BlackElo "2565"]
[PlyCount "22"]
[EventDate "2009.08.10"]
[EventType "swiss"]
[EventRounds "9"]
[EventCountry "GRE"]
[Source "lmi"]
[SourceDate "2009.08.10"]

1. Nf3 Nf6 2. c4 e6 3. g3 d5 4. Bg2 dxc4 5. Qa4+ c6 6. Qxc4 b5 7. Qc2 Bb7 8. d4
Nbd7 9. Ne5 Qb6 10. Nxd7 Nxd7 11. Be3 c5 1/2-1/2

[Event "24. Acropolis 2009"]
[Site "Chalkida GRE"]
[Date "2009.08.16"]
[Round "7.7"]
[White "Gurevich, Mikhail"]
[Black "Gupta, Abhijeet"]
[Result "0-1"]
[WhiteElo "2618"]
[BlackElo "2565"]
[PlyCount "82"]
[EventDate "2009.08.10"]
[EventType "swiss"]
[EventRounds "9"]
[EventCountry "GRE"]
[Source "lmi"]
[SourceDate "2009.08.10"]

1. c4 Nf6 2. Nc3 e5 3. Nf3 Nc6 4. a3 d5 5. cxd5 Nxd5 6. Qc2 Nxc3 7. bxc3 Bd6 8.
g3 Qe7 9. d3 b6 10. Bg2 Bb7 11. O-O O-O 12. e4 Na5 13. Nh4 g6 14. Bh6 Rfe8 15.
Rae1 Rad8 16. Kh1 Ba6 17. Rd1 Qe6 18. c4 Be7 19. Nf3 f6 20. Nh4 Bxa3 21. f4 Bf8
22. f5 Qf7 23. fxg6 hxg6 24. Be3 Nc6 25. g4 Nb4 26. Qa4 Qd7 27. Qxd7 Rxd7 28.
Rxf6 Nxd3 29. Rxg6+ Kh7 30. Rf1 Nf4 31. Bxf4 exf4 32. Rg5 Bxc4 33. Rc1 Bh6 34.
Rh5 Bf7 35. Bh3 Red8 36. Rf5 Rd1+ 37. Rxd1 Rxd1+ 38. Kg2 Bc4 39. Rh5 Bf1+ 40.
Kf3 Bxh3 41. g5 Rf1+ 0-1

[Event "24. Acropolis 2009"]
[Site "Chalkida GRE"]
[Date "2009.08.16"]
[Round "7.8"]
[White "Svetushkin, Dmitry"]
[Black "Romanishin, Oleg M"]
[Result "0-1"]
[WhiteElo "2607"]
[BlackElo "2503"]
[PlyCount "130"]
[EventDate "2009.08.10"]
[EventType "swiss"]
[EventRounds "9"]
[EventCountry "GRE"]
[Source "lmi"]
[SourceDate "2009.08.10"]

1. e4 e5 2. Nf3 Nc6 3. Bb5 a6 4. Ba4 Nf6 5. O-O Be7 6. Re1 b5 7. Bb3 d6 8. c3
O-O 9. h3 Na5 10. Bc2 c5 11. d4 Bb7 12. d5 Nc4 13. b3 Nb6 14. a4 Bc8 15. Qe2
Bd7 16. c4 b4 17. Nbd2 Nh5 18. Nf1 Bf6 19. Kh2 g6 20. g3 Nc8 21. Ne3 Bg7 22.
Ng2 Ne7 23. Rb1 Bc8 24. Bb2 Ra7 25. Ng1 Re8 26. Rf1 f5 27. Rbe1 fxe4 28. Bxe4
Nf6 29. g4 g5 30. Bb1 Ng6 31. Bxg6 hxg6 32. Qc2 e4 33. Re3 Bh8 34. f3 Rh7 35.
Kg3 Qe7 36. Rfe1 Qf7 37. Qd2 Rf8 38. Bxf6 Bxf6 39. Rxe4 Bd7 40. Qd3 Kg7 41. Rf1
Be5+ 42. Rxe5 dxe5 43. Re1 Qf6 44. Re4 Bf5 45. gxf5 gxf5 46. Re2 e4 47. Qc2 f4+
48. Kf2 e3+ 49. Kf1 Qd4 50. Ne1 Rh6 51. Qb2 Qxb2 52. Rxb2 Kf6 53. Nd3 Rc8 54.
Rg2 Kf5 55. Rg4 a5 56. Ke2 Rh5 57. h4 Rch8 58. hxg5 Rh2+ 59. Ke1 Ra2 60. Nxf4
Rhh2 61. Ng2 Rhxg2 62. Rxg2 Rxg2 63. Kf1 Rf2+ 64. Ke1 Rb2 65. f4 Rb1+ 0-1

[Event "24. Acropolis 2009"]
[Site "Chalkida GRE"]
[Date "2009.08.16"]
[Round "7.9"]
[White "Kapnisis, Spyridon"]
[Black "Gelashvili, Tamaz"]
[Result "1/2-1/2"]
[WhiteElo "2464"]
[BlackElo "2605"]
[PlyCount "72"]
[EventDate "2009.08.10"]
[EventType "swiss"]
[EventRounds "9"]
[EventCountry "GRE"]
[Source "lmi"]
[SourceDate "2009.08.10"]

1. e4 d6 2. d4 g6 3. Nc3 Bg7 4. f4 Nc6 5. Nf3 Bg4 6. Be3 Bxf3 7. gxf3 Nf6 8. d5
Nb8 9. Qd2 Nbd7 10. Bd4 O-O 11. O-O-O c5 12. dxc6 bxc6 13. e5 dxe5 14. fxe5 Nd5
15. f4 e6 16. h4 Qa5 17. Nxd5 Qxd2+ 18. Kxd2 cxd5 19. h5 Rfc8 20. Rc1 Nb6 21.
b3 Rc7 22. Be2 Bf8 23. Bxb6 axb6 24. a4 Bb4+ 25. Kd1 Bc5 26. Rh3 f5 27. exf6
Rf8 28. hxg6 hxg6 29. Kd2 Rh7 30. Rxh7 Kxh7 31. Rh1+ Kg8 32. Rh4 Rxf6 33. Rg4
Kf7 34. Bd3 Bd6 35. Ke3 Bc5+ 36. Kd2 Bd6 1/2-1/2

[Event "24. Acropolis 2009"]
[Site "Chalkida GRE"]
[Date "2009.08.16"]
[Round "7.10"]
[White "Harika, Dronavalli"]
[Black "Rozentalis, Eduardas"]
[Result "1/2-1/2"]
[WhiteElo "2445"]
[BlackElo "2588"]
[PlyCount "40"]
[EventDate "2009.08.10"]
[EventType "swiss"]
[EventRounds "9"]
[EventCountry "GRE"]
[Source "lmi"]
[SourceDate "2009.08.10"]

1. d4 Nf6 2. c4 e6 3. Nc3 Bb4 4. g3 c5 5. Nf3 cxd4 6. Nxd4 Ne4 7. Qd3 Nxc3 8.
bxc3 Be7 9. Bg2 a6 10. Nb3 Nc6 11. O-O O-O 12. Rd1 Qc7 13. c5 Rd8 14. Ba3 Rb8
15. Rab1 Ne5 16. Qe4 f6 17. Qd4 Nc6 18. Qd3 Ne5 19. Qd4 Nc6 20. Qd3 Ne5 1/2-1/2

[Event "24. Acropolis 2009"]
[Site "Chalkida GRE"]
[Date "2009.08.16"]
[Round "7.11"]
[White "Zawadzka, Jolanta"]
[Black "Kolev, Atanas"]
[Result "0-1"]
[WhiteElo "2387"]
[BlackElo "2569"]
[PlyCount "124"]
[EventDate "2009.08.10"]
[EventType "swiss"]
[EventRounds "9"]
[EventCountry "GRE"]
[Source "lmi"]
[SourceDate "2009.08.10"]

1. e4 e5 2. Nf3 Nc6 3. Bb5 a6 4. Ba4 Nf6 5. O-O Bc5 6. c3 b5 7. Bb3 d6 8. d4
Ba7 9. h3 O-O 10. a4 Bb7 11. Bg5 h6 12. Bxf6 Qxf6 13. Bd5 Rfb8 14. dxe5 Nxe5
15. Nxe5 Qxe5 16. Bxb7 Rxb7 17. Nd2 b4 18. Qb3 Re8 19. Rae1 Rbb8 20. c4 Re7 21.
Re2 Kh8 22. Rfe1 Rbe8 23. Nf3 Qf4 24. Qd3 c6 25. Kf1 Bc5 26. g3 Qf6 27. Kg2 g6
28. Rd1 Kh7 29. h4 Kg7 30. Nh2 Qe6 31. Rde1 f5 32. f3 Qf6 33. exf5 Rxe2+ 34.
Rxe2 Qxf5 35. Qd2 Rxe2+ 36. Qxe2 b3 37. Qe7+ Qf7 38. Qe4 d5 39. Qe5+ Qf6 40.
Qc7+ Qe7 41. Qxe7+ Bxe7 42. cxd5 c5 43. Nf1 Bf6 44. Nd2 Bxb2 45. d6 Kf7 46.
Nxb3 c4 47. Na5 c3 48. d7 Ke7 49. Nc6+ Kxd7 50. Nd4 Kd6 51. Kf2 Kd5 52. Ke3 Kc4
53. Nc2 Bc1+ 54. Ke4 h5 55. g4 Kb3 56. Nd4+ Kb2 57. gxh5 gxh5 58. f4 Bd2 59.
Kd3 Bxf4 60. Nc2 a5 61. Nd4 Bg3 62. Nc2 Bf2 0-1

[Event "24. Acropolis 2009"]
[Site "Chalkida GRE"]
[Date "2009.08.16"]
[Round "7.12"]
[White "Mastrovasilis, Dimitrios"]
[Black "Halkias, Stelios"]
[Result "1/2-1/2"]
[WhiteElo "2567"]
[BlackElo "2564"]
[PlyCount "21"]
[EventDate "2009.08.10"]
[EventType "swiss"]
[EventRounds "9"]
[EventCountry "GRE"]
[Source "lmi"]
[SourceDate "2009.08.10"]

1. c4 e6 2. Nf3 d5 3. g3 c5 4. Bg2 Nf6 5. O-O Nc6 6. cxd5 exd5 7. d4 Be7 8. Nc3
O-O 9. Bg5 c4 10. Ne5 Be6 11. b3 1/2-1/2

[Event "24. Acropolis 2009"]
[Site "Chalkida GRE"]
[Date "2009.08.16"]
[Round "7.13"]
[White "Koneru, Humpy"]
[Black "Georgiadis, Ioannis"]
[Result "1-0"]
[WhiteElo "2623"]
[BlackElo "2438"]
[PlyCount "79"]
[EventDate "2009.08.10"]
[EventType "swiss"]
[EventRounds "9"]
[EventCountry "GRE"]
[Source "lmi"]
[SourceDate "2009.08.10"]

1. Nf3 Nf6 2. c4 e6 3. e3 b6 4. b3 Bb7 5. Bb2 d5 6. Nc3 Nbd7 7. d4 Bd6 8. Bd3
O-O 9. O-O a6 10. Rc1 Qe7 11. cxd5 exd5 12. Ne2 Ne4 13. Qc2 Rac8 14. Ng3 f5 15.
Qe2 Ra8 16. Rc2 g6 17. Rfc1 c6 18. Nf1 a5 19. a4 f4 20. Re1 Rae8 21. exf4 Bxf4
22. Ng3 Ndf6 23. Qd1 Qd8 24. Rce2 Nd6 25. Ne5 c5 26. Qc2 Nfe4 27. dxc5 bxc5 28.
Nxe4 dxe4 29. Bc4+ Nxc4 30. Nxc4 e3 31. Nxe3 Qg5 32. Qc3 Be5 33. Qc4+ Kg7 34.
h4 Qd8 35. Nf5+ gxf5 36. Rxe5 Kg6 37. Re6+ Rxe6 38. Rxe6+ Kh5 39. Qe2+ Kxh4 40.
g3+ 1-0

[Event "24. Acropolis 2009"]
[Site "Chalkida GRE"]
[Date "2009.08.16"]
[Round "7.14"]
[White "Can, Emre"]
[Black "Mamedov, Nidjat"]
[Result "0-1"]
[WhiteElo "2455"]
[BlackElo "2614"]
[PlyCount "74"]
[EventDate "2009.08.10"]
[EventType "swiss"]
[EventRounds "9"]
[EventCountry "GRE"]
[Source "lmi"]
[SourceDate "2009.08.10"]

1. e4 c5 2. Nf3 d6 3. d4 cxd4 4. Nxd4 Nf6 5. Nc3 Nc6 6. Bg5 e6 7. Qd2 a6 8.
O-O-O Bd7 9. f4 Be7 10. Nf3 b5 11. Bd3 b4 12. Ne2 Qb6 13. Kb1 Ng4 14. Bxe7 Nxe7
15. Ned4 Nc6 16. h3 Nf6 17. Nxc6 Bxc6 18. Rhe1 O-O 19. g4 a5 20. Ng5 h6 21. e5
Nd5 22. Ne4 dxe5 23. fxe5 a4 24. g5 a3 25. b3 Rfd8 26. Qc1 hxg5 27. h4 g4 28.
c4 Nc3+ 29. Nxc3 bxc3 30. Qxc3 Qf2 31. Re2 Qf3 32. Kc2 g6 33. Qe1 Qf4 34. Qf2
Bf3 35. Rg1 Rd4 36. Qe3 Bxe2 37. Qxe2 Rad8 0-1